Treasures : Chhatrapati Shivaji Maharaj Vastu Sangrahalaya Mumbai (Record no. 16480)

MARC details
000 -LEADER
fixed length control field 00405nam a2200145Ia 4500
008 - FIXED-LENGTH DATA ELEMENTS--GENERAL INFORMATION
fixed length control field 220803s9999 xx 000 0 und d
020 ## - INTERNATIONAL STANDARD BOOK NUMBER
International Standard Book Number 9789383098255
041 ## - LANGUAGE CODE
Language code of text/sound track or separate title eng
082 ## - DEWEY DECIMAL CLASSIFICATION NUMBER
Classification number 720.954 PHA
100 ## - MAIN ENTRY--PERSONAL NAME
Personal name Phatarphekar Pramila Ed.
9 (RLIN) 25742
245 ## - TITLE STATEMENT
Title Treasures : Chhatrapati Shivaji Maharaj Vastu Sangrahalaya Mumbai
260 ## - PUBLICATION, DISTRIBUTION, ETC. (IMPRINT)
Place of publication, distribution, etc. New Delhi
Name of publisher, distributor, etc. Niyogi Books
Date of publication, distribution, etc. 2014
300 ## - PHYSICAL DESCRIPTION
Extent 220p
500 ## - GENERAL NOTE
Keywords ARCHI
Holdings
Withdrawn status Lost status Damaged status Not for loan Collection code Home library Current library Date acquired Vendor Cost, normal purchase price Total Checkouts Full call number Barcode Date last seen Cost, replacement price Bill Date Koha item type Original Barcode
        Book of B Arch Dr. Bhanuben Nanavati College of Architecture Dr. Bhanuben Nanavati College of Architecture 26/04/2017 Suyog Enterprises 746.25   729.6 PHA BNCA-BK-10190 03/08/2022 995.00 10/04/2017 Books B10190